000 00653cab a2200217 4500
001 ABS53064
008 090401t1995 xxu||||| |||| 00| 0 eng d
035 _a(Sirsi) u1695
041 _aeng
100 _aStewart, A.
245 _aUnexploded land mine
260 _c1995
350 _a0
490 _aBuilding
_v260(7895) 2 June 1995, 20-21(2)
520 _aDiscusses the problems facing housebuilders, with home sales stagnant and predictions that the market will stay flat for the next few years. Lists Top 10 Housebuilders 1994.
650 _aHOUSE BUILDING
650 _aPROSPECTS
690 _aHOUSING
942 _n0
948 _c04/03/1997
999 _c969
_d969